000 00333nam a2200145Ia 4500
003 OSt
005 20240304123639.0
008 170524s9999 xx 000 0 und d
020 _a978-0070583559
040 _cIIMT UNIVERSITY
100 _aChary
245 0 _aProducation & Operations Management
260 _aTMH
942 _2ddc
_c01
999 _c3144
_d3144